01720njm a2200313Ia 450000100060000000300090000600500170001500800410003204000130007304000130008604100130009910000230011210000180013510000380015324500180019125000110020926000090022026000790022930000170030830000300032550002500035550501970060565000630080270000670086570001180093270001690105070000840121970001030130380627IT-RoPAU20220918181110.0131025s9999 xx 000 0 und d aIT-RoPAU cIT-RoPAU aITALIANO aPaulicelli Michele eAutore musica gCodice autore musica SPICS: 11061 aEcologic-Rock a1a ed. aROMA bEP - MUSICALI E DISCOGRAFICHEc1989 [1a Ed.:1989 - Ed. Lingua Orig.: 1989] aCOMPACT DISC c36 minuti (Testo: 0 pag.) aMusica leggera. Canzone italiana. Ritmi rock. Natura, umanità, problemi ecologici, inquinamento ambientale e morale, radioattività, armi nucleari, abuso di sostanze chimiche, fiducia nelle persone, amore reciproco, senso di responsabilità  aRadioattività (5:00) - Guidatore d'aereoplano (5:00) - Il cielo su di noi (5:00) - Quel mazzolin di fumo (5:00) - Cq 36 (5:00) - Sole sole mio (6:00) - Nina (4:00) - Robinson Crosuè (3:00) aCANZONE ITALIAN [COMPACT DISC]eCodice MATERIA SPICS: 9949 aPaulicelli MichelegCodice interprete SPICS: 11061eInterprete aPaulicelli MichelegCodice autore testo/musica SPICS: 11061eAutore testo/musicapRadioattività - Sole sole mio aCastellacci PierogCodice autore testo/musica SPICS: 23788eAutore testo/musicapGuidatore d'aereoplano - Il cielo su di noi - Quel mazzolin di fumo - Cq 36 - Nina aBelardinelli GiampaologCodice autore musica SPICS: 10750eAutore musicapCq 36 aCalabrese GiuseppegCodice autore testo/musica SPICS: 8618eAutore testo/musicapRobinson Crosuè